Statistiques concernant Capitales d'Asie

Cliquez ici pour prendre le quiz!

Statistiques générales

  • Ce quiz a été pris 55 fois
    (35 depuis la dernière actualisation)
  • Le résultat moyen est 33 sur 48

Réponses sur la Carte

Les réponses sont colorées sur une échelle allant du rouge au vert en fonction du pourcentage des utilisateurs qui les ont devinées à leur premier essai. Vous pouvez retrouver ces pourcentages ci-dessous.
 

Statistiques - réponses

Pays% Correct
Pékin
94%
Tokyo
94%
Ankara
91%
New Delhi
91%
Séoul
91%
Jakarta
88%
Jérusalem
88%
Téhéran
88%
Bangkok
85%
Pyongyang
85%
Bagdad
82%
Kaboul
82%
Manille
82%
Riyad
82%
Beyrouth
79%
Koweit
79%
Oulan Bator
79%
Singapour
79%
Dacca
76%
Abou Dabi
73%
Doha
73%
Katmandou
73%
Taïpei
73%
Islamabad
70%
Kuala Lumpur
70%
Damas
67%
Erevan
67%
Phnom Penh
67%
Nicosie
64%
Noursoultan
64%
Sanaa
64%
Tbilissi
64%
Amman
61%
Bakou
61%
Hanoi
61%
Tachkent
61%
Vientiane
61%
Achgabat
58%
Malé
55%
Mascate
55%
Douchanbé
52%
Dili
48%
Bichkek
45%
Naypyidaw
45%
Sri Jayawardenapura/ Colombo
45%
Thimphou
45%
Manama
42%
Bandar Seri Begawan
30%

Distribution des résultats

Percentile par nombre de réponses

% des personnes avec chaque résultat

Votre développement - résultats

Vous n’avez pas pris ce quiz depuis la dernière actualisation